Business and society : Tradition and change
保存先:
| 第一著者: | |
|---|---|
| フォーマット: | 図書 |
| 言語: | Undetermined |
| 出版事項: |
Harmondsworth
Penguin
1976
|
| 主題: | |
| タグ: |
タグ追加
タグなし, このレコードへの初めてのタグを付けませんか!
|
| Thư viện lưu trữ: | Trung tâm Học liệu Trường Đại học Cần Thơ |
|---|
| LEADER | 00530nam a2200193Ia 4500 | ||
|---|---|---|---|
| 001 | CTU_78151 | ||
| 008 | 210402s9999 xx 000 0 und d | ||
| 082 | |a 338.7 | ||
| 082 | |b K32 | ||
| 100 | |a Kempner, Thomas | ||
| 245 | 0 | |a Business and society : | |
| 245 | 0 | |b Tradition and change | |
| 245 | 0 | |c Thomas Kempner, Keith Macmillan, Kevin Hawkins | |
| 260 | |a Harmondsworth | ||
| 260 | |b Penguin | ||
| 260 | |c 1976 | ||
| 650 | |a Industries | ||
| 650 | |x Social aspects | ||
| 980 | |a Trung tâm Học liệu Trường Đại học Cần Thơ | ||